| 000 | 00813nam a22001457a 4500 | ||
|---|---|---|---|
| 003 | OSt | ||
| 005 | 20250425174104.0 | ||
| 008 | 241217b |||||||| |||| 00| 0 eng d | ||
| 245 | _aLaw Reports of the Commonwealth 2011 Vol. 1 | ||
| 260 |
_aLondon, UK _bButterworths _cc2011 |
||
| 300 |
_axxvii, 709 pages _c24 cm |
||
| 500 | _aGeneral Editors: Read James S. Prof. LL.B. of Gray’s Inn, Barrister. Slinn Peter E. M.A., PhD., Solicitor, England and Wales. Series Editor: Neville James BCL of King's Inn and of London's Inn, Barrister Sub-editor: Emile LLB, LLM, Ian Law. Editorial Consultant: Stafford Dianne, Director Legal and Constitutional Affairs Division, Commonwealth Secretariat. Senior Production Manager: Christine Stone. | ||
| 650 |
_2Law Report _xCommonwealth Nations |
||
| 942 |
_2lcc _cBK _n0 |
||
| 999 |
_c2376 _d2376 |
||